000 00612nam a2200229Ia 4500
003 OSt
005 20221007080309.0
006 a|||||r|||| 00| 0
007 ta
008 221006b |||||||| |||| 00| 0 eng d
024 _a43,156
037 _cTextual
040 _aFLL
_cFLL
_beng
041 _2eng
_aeng
082 _aZ2,8,11wN15, Q4
100 _aIyer V.R.K.
_9692280
245 0 _aTurning point judgments
260 _aNew Delhi
_bUniversal law publishing co.
_c2014
300 _a297 xxx
_ccm.
942 _hZ2,8,11wN15, Q4
_cTEXL
_2CC
999 _c1159033
_d1159033